header

Ginger the Stray Kitten (Record no. 260994)

MARC details
000 -LEADER
fixed length control field 00240nam a22001097a 4500
020 ## - INTERNATIONAL STANDARD BOOK NUMBER
ISBN 9780545232791
100 ## - MAIN ENTRY--AUTHOR NAME
Personal name Holly Webb
245 ## - TITLE STATEMENT
Title Ginger the Stray Kitten
260 ## - PUBLICATION, DISTRIBUTION, ETC. (IMPRINT)
Place of publication New York
Name of publisher Scholastic
Year of publication 2009
300 ## - PHYSICAL DESCRIPTION
Number of Pages 120 pgs
942 ## - ADDED ENTRY ELEMENTS (KOHA)
Koha item type Long Loan Books
Holdings
Withdrawn status Lost status Collection code Home library Current library Shelving location Date acquired Accession Number Koha item type
    Fiction Rongo University Library Rongo University Library Children's Area 26/10/2023 CL20222042 Long Loan Books

© 2026 Rongo University
Contact us: librarian | system librarian | Rongo university